[Event "Arandjelovac op 1st"]
[Site "Arandjelovac"]
[Date "2023.03.17"]
[Round "4"]
[White "Brkljaca, Ante"]
[Black "Srdanovic, Jovana"]
[Result "1/2-1/2"]
[WhiteElo "2140"]
[BlackElo "2146"]
[PlyCount "41"]
[EventDate "2023.03.15"]
[EventType "swiss"]
[EventRounds "9"]
[EventCountry "SRB"]
[SourceTitle "CBM 213 Extra"]
[Source "ChessBase"]
[SourceDate "2023.05.31"]
[SourceVersion "1"]
[SourceVersionDate "2023.05.31"]
[SourceQuality "1"]

1. d4 d5 2. Nf3 Nf6 3. c4 c6 4. Nc3 dxc4 5. a4 Bf5 6. e3 e6 7. Bxc4 Bb4 8. 0-0 0-0 9. Qe2 Bg6 10. Ne5 Nbd7 11. Nxg6 hxg6 12. Rd1 Qa5 13. Qc2 e5 14. Na2 Bd6 15. Bd2 Qc7 16. g3 exd4 17. exd4 Nb6 18. Bf1 Nbd5 19. Nc3 Nb4 20. Qb3 Qd7 21. Nb5 1/2-1/2

[Event "Arandjelovac Mix"]
[Site "Arandjelovac"]
[Date "2021.10.06"]
[Round "6"]
[White "Brkljaca, Ante"]
[Black "Sredojevic, Ivan"]
[Result "1/2-1/2"]
[WhiteElo "2252"]
[BlackElo "2298"]
[PlyCount "30"]
[EventDate "2021.10.02"]
[EventType "swiss"]
[EventRounds "10"]
[EventCountry "SRB"]
[SourceTitle "CBM 204 Extra"]
[Source "ChessBase"]
[SourceDate "2021.11.30"]
[SourceVersion "1"]
[SourceVersionDate "2021.11.30"]
[SourceQuality "1"]

1. d4 Nf6 2. c4 g6 3. Nc3 Bg7 4. e4 d6 5. Nf3 0-0 6. Be2 e5 7. dxe5 dxe5 8. Qxd8 Rxd8 9. Bg5 Re8 10. Nd5 Nxd5 11. cxd5 c6 12. Bc4 cxd5 13. Bxd5 Nc6 14. Bxc6 bxc6 15. Rc1 Bb7 1/2-1/2

[Event "Arandjelovac Akva Gold IM3"]
[Site "Arandjelovac"]
[Date "2021.08.05"]
[Round "8"]
[White "Ilincic, Zlatko"]
[Black "Brkljaca, Ante"]
[Result "1/2-1/2"]
[WhiteElo "2375"]
[BlackElo "2247"]
[PlyCount "26"]
[EventDate "2021.07.31"]
[EventType "tourn"]
[EventRounds "9"]
[EventCountry "SRB"]
[EventCategory "1"]
[SourceTitle "CBM 203 Extra"]
[Source "ChessBase"]
[SourceDate "2021.09.30"]
[SourceVersion "1"]
[SourceVersionDate "2021.09.30"]
[SourceQuality "1"]

1. d4 Nf6 2. c4 e6 3. Nf3 d5 4. Nc3 Bb4 5. Qa4+ Nc6 6. Bg5 Bd7 7. Qb3 dxc4 8. Qxc4 h6 9. Bxf6 Qxf6 10. a3 Bd6 11. e4 Qg6 12. Qd3 e5 13. d5 Ne7 1/2-1/2

[Event "Arandjelovac Akva Gold IM3"]
[Site "Arandjelovac"]
[Date "2021.08.04"]
[Round "6"]
[White "Lekic, Miodrag"]
[Black "Brkljaca, Ante"]
[Result "1/2-1/2"]
[WhiteElo "2147"]
[BlackElo "2247"]
[PlyCount "26"]
[EventDate "2021.07.31"]
[EventType "tourn"]
[EventRounds "9"]
[EventCountry "SRB"]
[EventCategory "1"]
[SourceTitle "CBM 203 Extra"]
[Source "ChessBase"]
[SourceDate "2021.09.30"]
[SourceVersion "1"]
[SourceVersionDate "2021.09.30"]
[SourceQuality "1"]

1. Nf3 Nf6 2. d4 g6 3. b3 Bg7 4. Bb2 0-0 5. Nbd2 d6 6. e4 Nc6 7. Be2 Bg4 8. 0-0 Bxf3 9. Bxf3 e5 10. dxe5 Nxe5 11. Bxe5 dxe5 12. Nc4 Nd7 13. Qe2 Qe7 1/2-1/2

[Event "SRB-chT 1st League"]
[Site "Banja Vrujci"]
[Date "2017.09.24"]
[Round "11.1"]
[White "Ristic, Nenad"]
[Black "Brkljaca, Ante"]
[Result "1/2-1/2"]
[WhiteElo "2400"]
[BlackElo "2284"]
[PlyCount "20"]
[EventDate "2017.09.16"]
[EventType "team"]
[EventRounds "11"]
[EventCountry "SRB"]
[SourceTitle "EXT 2018"]
[Source "ChessBase"]
[SourceDate "2017.10.13"]
[SourceVersion "1"]
[SourceVersionDate "2017.10.13"]
[SourceQuality "1"]
[WhiteTeam "Smederevska Palanka Jasenica"]
[BlackTeam "Arandjelovac"]
[WhiteTeamCountry "SRB"]
[BlackTeamCountry "SRB"]

1. e4 c5 2. Nf3 d6 3. d4 cxd4 4. Nxd4 Nf6 5. Nc3 a6 6. Bg5 e6 7. f4 Be7 8. Qf3 Qc7 9. 0-0-0 Nbd7 10. Bd3 h6 1/2-1/2

[Event "SRB-chT 1st League"]
[Site "Banja Vrujci"]
[Date "2017.09.23"]
[Round "10.1"]
[White "Brkljaca, Ante"]
[Black "Livaic, Leon"]
[Result "1-0"]
[WhiteElo "2284"]
[BlackElo "2461"]
[PlyCount "177"]
[EventDate "2017.09.16"]
[EventType "team"]
[EventRounds "11"]
[EventCountry "SRB"]
[SourceTitle "EXT 2018"]
[Source "ChessBase"]
[SourceDate "2017.10.13"]
[SourceVersion "1"]
[SourceVersionDate "2017.10.13"]
[SourceQuality "1"]
[WhiteTeam "Arandjelovac"]
[BlackTeam "Petrovac Sloga"]
[WhiteTeamCountry "SRB"]
[BlackTeamCountry "SRB"]

1. d4 Nf6 2. Nf3 e6 3. c4 b6 4. g3 Ba6 5. Qa4 Bb7 6. Bg2 c5 7. dxc5 bxc5 8. 0-0 Be7 9. Nc3 0-0 10. Rd1 Qb6 11. Qc2 Nc6 12. Bg5 Rfd8 13. e3 d6 14. Rd2 Rd7 15. Rad1 Re8 16. b3 h6 17. Bxf6 Bxf6 18. Na4 Qc7 19. Ne1 Qa5 20. Qc1 g5 21. h3 h5 22. Qb1 g4 23. h4 Ne5 24. Bxb7 Rxb7 25. Qc1 Rd7 26. Kf1 Qa6 27. Kg1 Qc6 28. Nc3 Nf3+ 29. Nxf3 gxf3 30. Qc2 Bxc3 31. Qxc3 Qe4 32. Qf6 d5 33. Qg5+ Qg6 34. Qe5 d4 35. Qxc5 d3 36. Qe5 Qg4 37. Kh2 Kh7 38. Qc3 Qe4 39. c5 e5 40. b4 f5 41. c6 Rc7 42. b5 f4 43. exf4 exf4 44. Qf6 fxg3+ 45. fxg3 Re5 46. a4 Rg7 47. Qf4 Qxf4 48. gxf4 Rc5 49. Rxd3 Rg4 50. Rxf3 Rxh4+ 51. Kg3 Rg4+ 52. Kh3 Kg6 53. Re1 Kf6 54. Ree3 Rc1 55. Rg3 Rxf4 56. Rgf3 Rxf3+ 57. Rxf3+ Ke6 58. Re3+ Kd6 59. Rd3+ Kc7 60. Rd7+ Kb8 61. Rb7+ Ka8 62. Rh7 a6 63. Rxh5 Rc4 64. Rh8+ Ka7 65. Rh7+ Kb8 66. Rb7+ Kc8 67. Rb6 Rxa4 68. Rxa6 Rb4 69. Rb6 Rc4 70. Kg3 Kc7 71. Rb7+ Kd6 72. Kf3 Rc5 73. Ke4 Rc1 74. Kd4 Rd1+ 75. Kc3 Re1 76. Rb8 Kc7 77. Rb7+ Kd6 78. Kb4 Rb1+ 79. Kc4 Rc1+ 80. Kd4 Rd1+ 81. Ke4 Re1+ 82. Kf5 Rc1 83. Kf6 Rf1+ 84. Kg7 Rc1 85. Kf8 Rc2 86. Ke8 Rh2 87. Rf7 Rh8+ 88. Rf8 Rh5 89. Kd8 1-0

[Event "SRB-chT 1st League"]
[Site "Banja Vrujci"]
[Date "2017.09.19"]
[Round "5.1"]
[White "Georgiev, Kiril"]
[Black "Brkljaca, Ante"]
[Result "1-0"]
[WhiteElo "2631"]
[BlackElo "2284"]
[PlyCount "74"]
[EventDate "2017.09.16"]
[EventType "team"]
[EventRounds "11"]
[EventCountry "SRB"]
[SourceTitle "CBM 180 Extra"]
[Source "ChessBase"]
[SourceDate "2017.10.06"]
[SourceVersion "1"]
[SourceVersionDate "2017.10.06"]
[SourceQuality "1"]
[WhiteTeam "Gornji Milanovac Metalac"]
[BlackTeam "Arandjelovac"]
[WhiteTeamCountry "SRB"]
[BlackTeamCountry "SRB"]

1. d4 Nf6 2. c4 e6 3. Nc3 Bb4 4. Nf3 d5 5. cxd5 exd5 6. Bg5 h6 7. Bxf6 Bxc3+ 8. bxc3 Qxf6 9. e3 0-0 10. Rc1 c6 11. c4 Be6 12. cxd5 Bxd5 13. Bc4 Bxc4 14. Rxc4 Nd7 15. 0-0 Qe6 16. Qc2 f5 17. Rb1 Rab8 18. Ra4 a6 19. Ra5 g6 20. h3 Kh7 21. Ne5 Nxe5 22. Rxe5 Qd7 23. Qc5 Rf7 24. g3 Rd8 25. h4 f4 26. gxf4 Qg4+ 27. Kf1 Qxh4 28. Ke2 Qg4+ 29. Kd3 Qf3 30. Rb2 Rd5 31. Qa3 Qd1+ 32. Rd2 Qf1+ 33. Kc3 b5 34. Kb2 Qe1 35. Qd3 a5 36. Re6 Qg1 37. Rxc6 a4 1-0

[Event "SRB-chT 1st League"]
[Site "Banja Vrujci"]
[Date "2017.09.17"]
[Round "3.1"]
[White "Parligras, Mircea Emilian"]
[Black "Brkljaca, Ante"]
[Result "1-0"]
[WhiteElo "2614"]
[BlackElo "2284"]
[PlyCount "57"]
[EventDate "2017.09.16"]
[EventType "team"]
[EventRounds "11"]
[EventCountry "SRB"]
[SourceTitle "CBM 180 Extra"]
[Source "ChessBase"]
[SourceDate "2017.10.06"]
[SourceVersion "1"]
[SourceVersionDate "2017.10.06"]
[SourceQuality "1"]
[WhiteTeam "Pozega"]
[BlackTeam "Arandjelovac"]
[WhiteTeamCountry "SRB"]
[BlackTeamCountry "SRB"]

1. d4 Nf6 2. c4 e6 3. Nf3 Bb4+ 4. Nbd2 b6 5. a3 Bxd2+ 6. Qxd2 Bb7 7. e3 d6 8. Be2 Nbd7 9. 0-0 a5 10. b3 0-0 11. Bb2 Qe7 12. Rfd1 Rfd8 13. Rac1 Ne4 14. Qc2 c5 15. Ba1 h6 16. d5 exd5 17. cxd5 Ndf6 18. Qb2 Bc8 19. Nh4 Bd7 20. f3 Ng5 21. e4 Ne8 22. g3 Nh3+ 23. Kg2 Nf4+ 24. gxf4 Qxh4 25. f5 a4 26. Rg1 axb3 27. Kh1 f6 28. Rg4 Qf2 29. Rcg1 1-0